Administración financiera
Salvato in:
| Autore principale: | |
|---|---|
| Natura: | Libro |
| Lingua: | spagnolo |
| Pubblicazione: |
Ciudad de México
Prentice Hall Hispanoamericana
1997
|
| Edizione: | 3a. ed |
| Soggetti: | |
| Tags: |
Aggiungi Tag
Nessun Tag, puoi essere il primo ad aggiungerne!!
|
MARC
| LEADER | 00000cam a2200000 a 4500 | ||
|---|---|---|---|
| 001 | UCQ7287 | ||
| 003 | CL-VaPUC | ||
| 008 | 981107e19970000MX |||||||||||||||||spa|d | ||
| 020 | |a 9688809500 | ||
| 082 | 0 | 4 | |a 658.15 |b VAN |2 21 |
| 100 | 0 | |a Van Horne, James C |e author |9 421155 | |
| 245 | 1 | 0 | |a Administración financiera |
| 250 | |a 3a. ed | ||
| 300 | |a 858 p | ||
| 942 | |c BK | ||
| 945 | |d 19981107 00:00:00 |a aarredon | ||
| 260 | |a Ciudad de México |b Prentice Hall Hispanoamericana |c 1997 | ||
| 650 | 0 | |a Administración financiera |9 261146 | |
| 650 | 0 | |a Finanzas |9 260832 | |
| 650 | 0 | |a Empresas |9 255569 | |
| 650 | 0 | |a Análisis de mercado |9 260838 | |
| 650 | 7 | |a RENTABILIDAD |2 CL-VaPUC |9 351669 | |
| 650 | 0 | |a Capital |9 263726 | |
| 650 | 0 | |a Administración de empresas |9 260833 | |
| 650 | 0 | |a Organización |9 256369 | |
| 583 | |a last modification |c 20180315 09:41:23 |k Rodrigo Vera | ||
| 999 | |c 277004 |d 277002 | ||
| 952 | |0 0 |1 0 |4 0 |6 658_150000000000000_VAN_1997 |7 0 |8 R |9 314700 |a BIBENE |b BIBENE |d 2019-11-20 |i 3479943 |o 658.15 VAN 1997 |p 3479943 |r 2025-01-15 |w 2019-11-20 |y BK_R |k ICO | ||
| 952 | |0 0 |1 0 |4 0 |6 658_150000000000000_VAN_1997 |7 0 |8 R |9 314701 |a BIBENE |b BIBENE |d 2019-11-20 |i 3652807 |o 658.15 VAN 1997 |p 3652807 |r 2025-01-15 |w 2019-11-20 |y BK_R |k ICO | ||
| 952 | |0 0 |1 0 |4 0 |6 658_150000000000000_VAN_1997 |7 0 |8 R |9 314702 |a BIBENE |b BIBENE |d 2019-11-20 |i 3652815 |o 658.15 VAN 1997 |p 3652815 |r 2025-01-15 |w 2019-11-20 |y BK_R |k ICO | ||
| 952 | |0 0 |1 0 |4 0 |6 658_150000000000000_VAN_1997 |7 0 |8 R |9 314703 |a BIBENE |b BIBENE |d 2019-11-20 |i 3652823 |o 658.15 VAN 1997 |p 3652823 |r 2025-01-15 |w 2019-11-20 |y BK_R |k ICO | ||
| 952 | |0 0 |1 0 |4 0 |6 658_150000000000000_VAN_1997 |7 0 |8 R |9 314704 |a BIBENE |b BIBENE |d 2019-11-20 |i 3652831 |o 658.15 VAN 1997 |p 3652831 |r 2025-01-15 |w 2019-11-20 |y BK_R |k ICO | ||
| 952 | |0 0 |1 0 |3 erb |4 0 |6 658_150000000000000_VAN_1997 |7 0 |8 A |9 314706 |a BIBING |b BIBING |i 5457114 |l 2 |o 658.15 VAN 1997 |p 5457114 |r 2025-03-12 |s 2025-03-12 |w 2019-11-20 |y BK |z Catalogado en:20180316 |k CCL | ||